| 000 | 00708nam a2200217Ia 4500 | ||
|---|---|---|---|
| 005 | 20241129105920.0 | ||
| 008 | 241129s9999||||xx |||||||||||||| ||und|| | ||
| 020 | _a978-81-950995-3-5 | ||
| 037 | _aTB | ||
| 040 |
_aARTS _bhin _cARTS |
||
| 041 |
_ahin _2hin |
||
| 084 |
_aNQ44wN22 152R1 _qARTS |
||
| 100 | _aअखिलेश, ले. | ||
| 245 | 0 |
_aरज़ा: जैसा मैंने देखा _cअखिलेश, ले. |
|
| 260 |
_aनई दिल्ली, भारत _bराजकमल प्रकाशन _c2018 |
||
| 300 | _a146पृ0 | ||
| 365 |
_aINR _b495 |
||
| 650 |
_aArtsPainting _9726600 |
||
| 942 |
_cTB _hNQ44wN22 152R1 |
||
| 999 |
_c1226568 _d1226568 |
||